| 000 | 00933nam a2200193 i 4500 | ||
|---|---|---|---|
| 001 | 154659 | ||
| 003 | ES-MaACL | ||
| 005 | 20230906205818.0 | ||
| 008 | 040715s1898 sp |||| | spa d | ||
| 040 |
_aCAM _bspa _cCAM |
||
| 100 | 1 |
_aGordon y de Acosta, Antonio de. _9127475 |
|
| 245 | 1 | 3 |
_aLa inspección médica oficial en nuestras escuelas / _cpor Antonio de Gordón y de Acosta. |
| 260 |
_aHabana : _b[s.n.], _c1898 ( _fImp. y papelería "La Universal" de Ruiz y Hno.) |
||
| 300 |
_a61 p. ; _c23 cm. |
||
| 594 | _aPrecede al tít. en la cub.: Real Academia de Ciencias Médicas Físicas y Naturales de La Habana. | ||
| 594 | _aEn la cub. consta : Trabajo leído en la sesión pública celebrada el día 23 de enero de 1897. | ||
| 710 | 2 |
_aReal Academia de Ciencias Médicas, Físicas y Naturales de La Habana. _9134781 |
|
| 852 |
_aES-MaACL _jT-833-F-5 _z-- Enc. hol., falto de la cub. original _z-- Enc. en un vol. facticio |
||
| 999 |
_c154659 _d154659 |
||